00757nam a2200169Ia 4500008004100000020001800041082002000059100001600079245009400095260002700189300001000216500001300226650013000239700009200369952010900461999001700570120629s9999 xx 000 0 und d a970-10-0937-1 a001.64404 G259c aGates, Bill aCamino al futuro / Bill Gates; Nathan Myhrvold, Peter Rinearson; Francisco Ortiz Chaparro aMéxico : McGraw-Hill a279 p aÍndice a1. REDES DE COMPUTADORA-ESTADOS UNIDOS \ 2. TECNOLOGIA DE LA INFORMACION-ESTADOS UNIDOS \ 3. TELECOMUNICACION-ESTADOS UNIDOS  aMyhrvold, Nathan; colab. \ Rinearson, Peter; colab. \ Ortiz Chaparro, Francisco; tr.Ì 00104070a15b15d2007-05-09l1o001.64404 G259Cp15 002015r2017-12-07s2015-03-28t1w2012-06-28yLB c75852d75852